|
|
|
|
| LEADER |
00000nam2a2200000 4500 |
| 001 |
306361 |
| 005 |
20231102001904.0 |
| 035 |
|
|
|a (RuTPU)RU\TPU\book\331638
|
| 090 |
|
|
|a 306361
|
| 100 |
|
|
|a 20151006d1983 k y0rusy50 ca
|
| 101 |
0 |
|
|a rus
|
| 102 |
|
|
|a LV
|
| 105 |
|
|
|a a z 001zy
|
| 200 |
0 |
|
|a [Вып. 7]
|f под ред. В. Г. Герасимова
|
| 210 |
|
|
|d 1983
|
| 215 |
|
|
|a 181 с.
|c ил.
|
| 320 |
|
|
|a Библиография в конце статей
|
| 461 |
|
1 |
|0 (RuTPU)RU\TPU\book\272085
|t Методы и приборы автоматического неразрушающего контроля
|o [сборник научных трудов]
|f Рижский политехнический институт
|v [Вып. 7]
|d 1977-
|
| 606 |
1 |
|
|a Приборы для неразрушающего контроля
|2 stltpush
|3 (RuTPU)RU\TPU\subj\74101
|9 86643
|
| 610 |
1 |
|
|a технический контроль
|
| 610 |
1 |
|
|a автоматический контроль
|
| 610 |
1 |
|
|a неразрушающие методы
|
| 610 |
1 |
|
|a промышленные изделия
|
| 610 |
1 |
|
|a вихретоковые преобразователи
|
| 610 |
1 |
|
|a сканирующие поля
|
| 610 |
1 |
|
|a вихретоковый контроль
|
| 610 |
1 |
|
|a физическое моделирование
|
| 610 |
1 |
|
|a погрешности
|
| 675 |
|
|
|a 620.179.1
|v 4
|
| 702 |
|
1 |
|a Герасимов
|b В. Г.
|4 340
|
| 801 |
|
1 |
|a RU
|b 63413507
|c 20151006
|
| 801 |
|
2 |
|a RU
|b 63413507
|c 20190419
|g RCR
|
| 942 |
|
|
|c BK
|